| 000 | 00498nam a2200181Ia 4500 | ||
|---|---|---|---|
| 008 | 230917s9999||||xx |||||||||||||| ||und|| | ||
| 020 | _cRS290 | ||
| 040 |
_e251231 _aMAIN |
||
| 041 | _aEnglish | ||
| 082 | _a346.082 A56L(4) | ||
| 100 | _aAnjani Kant | ||
| 245 | 0 | _aLectures on banking law: For law students | |
| 250 | _a4th ed. | ||
| 260 |
_aAllahabad _bCentral Law Publications _c2016 |
||
| 300 | _axxxii, 444 p. | ||
| 500 | _a3319 05/11/2018 HBD18/7564 05/12/2018 Main Budget | ||
| 942 | _cBK | ||
| 999 |
_c28881 _d28881 |
||